[Event "Siebenlehn op 13th"]
[Site "Siebenlehn"]
[Date "2012.12.28"]
[Round "3"]
[White "Zimm, Justus"]
[Black "Womacka, Mathias"]
[Result "0-1"]
[WhiteElo "2022"]
[BlackElo "2442"]
[PlyCount "48"]
[EventDate "2012.12.27"]
[EventType "swiss"]
[EventRounds "7"]
[EventCountry "GER"]
[SourceTitle "EXT 2014"]
[Source "ChessBase"]
[SourceDate "2013.11.20"]
[SourceVersion "1"]
[SourceVersionDate "2013.11.20"]
[SourceQuality "1"]

1. e4 c5 2. Nf3 d6 3. d4 cxd4 4. Nxd4 Nf6 5. Nc3 a6 6. Bg5 e6 7. f4 h6 8. Bh4 Qb6 9. Qd2 Qxb2 10. Rb1 Qa3 11. e5 dxe5 12. fxe5 Nfd7 13. Ne4 Qxa2 14. Rd1 Qd5 15. Qe3 Qxe5 16. Bg3 Qa5+ 17. Kf2 Nc6 18. Nd6+ Bxd6 19. Bxd6 Qd5 20. Nxe6 Qxe6 21. Qf4 Nde5 22. Bxe5 Nxe5 23. Bc4 Qf5 24. Bxf7+ Kxf7 0-1

[Event "Siebenlehn op 12th"]
[Site "Siebenlehn"]
[Date "2011.12.27"]
[Round "2"]
[White "Zimm, Justus"]
[Black "Farago, Ivan"]
[Result "0-1"]
[WhiteElo "1951"]
[BlackElo "2490"]
[PlyCount "78"]
[EventDate "2011.12.27"]
[EventType "swiss"]
[EventRounds "7"]
[EventCountry "GER"]
[SourceTitle "EXT 2013"]
[Source "ChessBase"]
[SourceDate "2012.11.22"]
[SourceVersion "1"]
[SourceVersionDate "2012.11.22"]
[SourceQuality "1"]

1. d4 Nf6 2. c4 e6 3. Nf3 b6 4. g3 Ba6 5. Qc2 Bb7 6. Bg2 c5 7. 0-0 cxd4 8. Nxd4 Bxg2 9. Kxg2 Qc8 10. b3 Be7 11. Bb2 0-0 12. Nc3 Qb7+ 13. f3 Rc8 14. Qd2 a6 15. e4 d6 16. Rad1 Nbd7 17. Qe2 Bf8 18. Rd2 g6 19. Rfd1 Bh6 20. Rc2 e5 21. Ndb5 axb5 22. Nxb5 Ne8 23. Nxd6 Nxd6 24. Rxd6 Rxa2 25. Qd1 Ra7 26. b4 Bf8 27. Rd5 Bxb4 28. Bxe5 Nxe5 29. Rxe5 Rca8 30. Rd5 Ra1 31. Qe2 Bc5 32. f4 Rg1+ 33. Kf3 Ra3+ 34. Rd3 Raa1 35. Rd5 Ra3+ 36. Rd3 Re1 37. Qxe1 Rxd3+ 38. Kg2 Re3 39. Re2 Qxe4+ 0-1

[Event "Dresden ZMD op"]
[Site "Dresden"]
[Date "2010.07.15"]
[Round "6"]
[White "Zimm, Justus"]
[Black "Viereck, Marten"]
[Result "1-0"]
[WhiteElo "1782"]
[BlackElo "1915"]
[PlyCount "45"]
[EventDate "2010.07.10"]
[EventType "swiss"]
[EventRounds "9"]
[EventCountry "GER"]
[SourceTitle "CBM 137 Extra"]
[Source "ChessBase"]
[SourceDate "2010.09.01"]
[SourceVersion "1"]
[SourceVersionDate "2010.09.01"]
[SourceQuality "1"]

1. e4 c5 2. Nf3 Nc6 3. d4 cxd4 4. Nxd4 a6 5. Nc3 g6 6. Nxc6 bxc6 7. Qd4 f6 8. Bc4 e6 9. Be3 Bg7 10. 0-0-0 d5 11. exd5 cxd5 12. Nxd5 Bb7 13. Nb6 Qxd4 14. Rxd4 Rb8 15. Rd7 Bh6 16. Bxh6 Nxh6 17. Rd6 0-0 18. Rxe6 Bxg2 19. Rhe1 Bh3 20. R6e3+ Kg7 21. Rxh3 Rxb6 22. Re7+ Nf7 23. Rd3 1-0